000
00252nam a2200109 a 4500
001
4140
005
20140414131909.0
008
090218s19uu xx 00 eng d
050
_a
ER
_b
Al4 1996
245
_a
Ali Baba and the 40 thieves.
999
_c
111125
_d
111125